ბათუმის შოთა რუსთაველის სახელმწიფო უნივერსიტეტის ბიბლიოთეკა

Субтропические плодовые и технические культуры (ბიბ.ჩანაწერი № 45656)

000 -LEADER
fixed length control field 00771nam a2200229Ia 4500
001 - CONTROL NUMBER
control field 12482
003 - CONTROL NUMBER IDENTIFIER
control field GE_BSU
008 - FIXED-LENGTH DATA ELEMENTS--GENERAL INFORMATION
fixed length control field 181216s||||||||xx |||||||||||||| ||und||
020 ## - INTERNATIONAL STANDARD BOOK NUMBER
International Standard Book Number 5100004053
040 ## - CATALOGING SOURCE
Transcribing agency GE_BSU
080 ## - UNIVERSAL DECIMAL CLASSIFICATION NUMBER
Universal Decimal Classification number 634.6(075.8)+633.5/8
100 ## - MAIN ENTRY--PERSONAL NAME
Personal name Микеладзе, А.Д.
245 ## - TITLE STATEMENT
Title Субтропические плодовые и технические культуры
245 ## - TITLE STATEMENT
Remainder of title Уч. пособ. для средних профес.-технич. училищ.
245 ## - TITLE STATEMENT
Statement of responsibility, etc. Ред.И.А.Кузина
260 ## - PUBLICATION, DISTRIBUTION, ETC.
Place of publication, distribution, etc. Москва
260 ## - PUBLICATION, DISTRIBUTION, ETC.
Name of publisher, distributor, etc. Агропромиздат
260 ## - PUBLICATION, DISTRIBUTION, ETC.
Date of publication, distribution, etc. 1988
300 ## - PHYSICAL DESCRIPTION
Extent 287стр.21см.
653 ## - INDEX TERM--UNCONTROLLED
Uncontrolled term Субтропические плодовые и технические культуры
942 ## - ADDED ENTRY ELEMENTS (KOHA)
Koha item type წიგნი
ეგზემპლარები
Withdrawn status Lost status Damaged status Not for loan Date acquired Barcode Date last seen Price effective from Koha item type
        2018-12-17 20503 2018-12-17 2018-12-17 წიგნი
        2018-12-17 20504 2018-12-17 2018-12-17 წიგნი
        2018-12-17 20505 2018-12-17 2018-12-17 წიგნი
        2018-12-17 20506 2018-12-17 2018-12-17 წიგნი
        2018-12-17 20507 2018-12-17 2018-12-17 წიგნი
        2018-12-17 20508 2018-12-17 2018-12-17 წიგნი
        2018-12-17 20509 2018-12-17 2018-12-17 წიგნი
        2018-12-17 20510 2018-12-17 2018-12-17 წიგნი